000 00684nam a22002057a 4500
005 20130614124517.0
010 _aENG-107494
020 _a9780300143324
_c815.00
035 _aEN-91027
037 _bDBAD/PUB
082 _a909
100 _aGombrich, E.H.
245 _aA little history of the world /
_cby E. H. Gombrich ; translated by Caroline Mustill
260 _aLondon
_bYale University Press
_c2010
300 _axix,284p.:
_c22cm(pbk)
_bill.
520 _a Presents a brief, narrative history of the world, from the Stone Age up to the end of World War II.
650 _a World history
700 _aMustill, Caroline
942 _2ddc
_cEN
_mGOM
_h909
999 _c76401
_d76401